Príručka pre užívateľov systému SAS
Enregistré dans:
| Auteur principal: | |
|---|---|
| Autres auteurs: | , , , , , , |
| Format: | Livre |
| Langue: | slovaque |
| Publié: |
Bratislava
STATIS
1994
|
| Édition: | 1. vyd. |
| Sujets: | |
| Tags: |
Pas de tags, Soyez le premier à ajouter un tag!
|
MARC
| LEADER | 00000nam a2200000 4500 | ||
|---|---|---|---|
| 001 | c005712 | ||
| 005 | 20221103081447.1 | ||
| 020 | |a 80-85659-03-4 | ||
| 041 | 0 | |a slo | |
| 044 | |a SK | ||
| 245 | 1 | 0 | |a Príručka pre užívateľov systému SAS |c Jozef Chajdiak a kol. |
| 250 | |a 1. vyd. | ||
| 264 | 1 | |a Bratislava |b STATIS |c 1994 | |
| 300 | |a 132 s. | ||
| 610 | 2 | 0 | |a SAS |
| 610 | 2 | 0 | |a analýza štatistická |
| 610 | 2 | 0 | |a dáta |
| 610 | 2 | 0 | |a systémy operačné |
| 610 | 2 | 0 | |a systémy štatistické |
| 610 | 2 | 0 | |a softvér |
| 100 | 1 | |a Chajdiak, Jozef | |
| 700 | 1 | |a Balintová, Daniela | |
| 700 | 1 | |a Bolgáč, Ján, 1959- | |
| 700 | 1 | |a Medveďová, Eva | |
| 700 | 1 | |a Oravec, Ladislav | |
| 700 | 1 | |a Podolský, Štefan | |
| 700 | 1 | |a Rublíková, Eva | |
| 700 | 1 | |a Stankovičová, Iveta | |